000 01570cam a2200253 4500
001 ##L131159
008 110922n2005 000 0 eng u
020 _a190501807X
035 _a(Sirsi) u131159
041 0 _aeng
050 0 4 _a306.11 $2 18
100 1 _aAllen, Chris
245 0 0 _aMixed tenure twenty years on
_bnothing out of the ordinary
260 _aCoventry
_bChartered Institute of Housing/Joseph Rowntree Foundation
_c2005
520 _aThis is the first study published on long-established estates designed with tenure mix in mind. The research looks at three mixed-use estates 20 years on. It analyses the nature and extent of household relationships in these mixed communities, seeks to understand the significance of the planned environment in facilitating such relationships and studies the experiences of children living in these areas. It finds that residents of all tenures on these estates expressed satisfaction that mixed tenure had produced ordinary and civilised communities. The researchers suggest that appropriate planning and household policies should be used to produce a genuine tenure mix in popular areas.
590 _aIKA111005
690 _aPROPERTY-RESIDENTIAL PROPERTY-DOMESTIC RESIDENTIAL PROPERTY-HOUSING-HOUSES-MIXED HOUSING DEVELOPMENTS-HOUSING ON HOUSING ESTATES
700 1 _aCamina, Margaret
700 1 _aCasey, Rionach
700 1 _aCoward, Sarah
700 1 _aWood, Martin
856 4 0 _uhttps://www.jrf.org.uk/sites/files/jrf/190501807x.pdf
_zView the study free of charge at www.jrf.org.uk
942 _n0
999 _c104654
_d104654